Security in computing

Shranjeno v:
Bibliografske podrobnosti
Glavni avtor: Pfleeger, Charles P.
Format: Knjiga
Izdano: Pearson
Oznake: Označite
Brez oznak, prvi označite!

MARC

LEADER 00000nam a2200000Ia 4500
005 20260515061619.0
100 |a Pfleeger, Charles P., 
020 |a 9789367135587 
942 |c BK 
245 |a Security in computing  
260 |b Pearson 
999 |c 96  |d 96 
952 |0 0  |1 0  |4 0  |7 0  |a ABDN  |b ABDN  |d 2026-05-15  |l 0  |p 000038  |r 2026-05-15 06:16:19  |w 2026-05-15  |y BK